000 00476nam a22001817a 4500
003 NUST - PNEC
005 20170116181041.0
008 150922b xxu||||| |||| 00| 0 eng d
020 _a981214000X
040 _cLIBRARY
082 _a005.446 TEC
100 _911587
_aTech Editors
245 _aMS DOS/PC DOS 5 quick reference manual
_cTech Editors
250 _a-
260 _cc.1992
650 _911590
_aOperating systems (Computers)
_xMIS, Computer
942 _2ddc
_cBK
999 _c68094
_d68094